| 000 | 01124am a2200421a 44500 | ||
|---|---|---|---|
| 003 | AR-BaBNM | ||
| 005 | 20251128211125.0 | ||
| 008 | 192120s1998 #AR|||||||||||000 | esp|| | ||
| 020 | _a950-29-0775-5 | ||
| 040 | _cAR-BaBNM | ||
| 245 | 1 | 0 |
_aLas instituciones políticas de gobierno _nv. 1 |
| 260 |
_aBuenos Aires _bEudeba _c1998 |
||
| 300 |
_a254 p. _btablas |
||
| 490 | 0 | _aTemas. política | |
| 650 | 4 | _aHISTORIA ARGENTINA | |
| 650 | 4 | _aCIENCIAS POLITICAS | |
| 650 | 4 | _aHISTORIA POLITICA | |
| 650 | 4 | _aPARLAMENTO | |
| 650 | 4 | _aINSTITUCIONES POLITICAS | |
| 650 | 4 | _aGOBIERNO | |
| 650 | 4 | _aPOLITICOS | |
| 650 | 4 | _aSISTEMAS PARLAMENTARIOS | |
| 650 | 4 | _aLEGISLACION | |
| 650 | 4 | _aLIBERALISMO | |
| 650 | 4 | _aPODER EJECUTIVO | |
| 650 | 4 | _aPODER JUDICIAL | |
| 650 | 4 | _aPODER LEGISLATIVO | |
| 700 | 1 |
_aOrlandi, Hipólito _ecompilador |
|
| 700 | 1 | _aBavastro, Roberto | |
| 700 | 1 | _aDe Luca, Miguel | |
| 700 | 1 | _aGaete, Alejandra | |
| 700 | 1 | _aLiendo, Gabriela | |
| 700 | 1 | _aMaurich, Mario | |
| 700 | 1 | _aMayer, Jorge A. | |
| 700 | 1 | _aOlivieri Alberti, Alicia | |
| 942 | _cBK | ||
| 998 | _cmariana | ||
| 999 |
_c18339 _d18339 |
||